书目信息 |
| 题名: |
幼儿园多媒体课件设计与制作
|
|
| 作者: | 杨毅 编著 | |
| 分册: | ||
| 出版信息: | 北京 人民邮电出版社 2017 |
|
| 页数: | 192页 | |
| 开本: | 26cm | |
| 丛书名: | 全国学前教育专业“十三五”规划教材 | |
| 单 册: | ||
| 中图分类: | G436 , G613 | |
| 科图分类: | ||
| 主题词: | 学前教育--Xue Qian Jiao Yu--多媒体课件--制作--幼儿师范学校--教材 | |
| 电子资源: | ||
| ISBN: | 978-7-115-44761-6 | |
| 000 | 01255nam 2200301 450 | |
| 001 | 012001004160 | |
| 005 | 20131016134846.0 | |
| 010 | @a978-7-115-44761-6@dCNY36.00 | |
| 099 | @aCAL 012017131153 | |
| 100 | @a20170304d2017 em y0chiy50 ea | |
| 101 | 0 | @achi |
| 102 | @aCN@b110000 | |
| 105 | @aak z 000yy | |
| 106 | @ar | |
| 200 | 1 | @a幼儿园多媒体课件设计与制作@e微课版教程@Ayou er yuan duo mei ti ke jian she ji yu zhi zuo@f杨毅 ... [等] 编著 |
| 210 | @a北京@c人民邮电出版社@d2017 | |
| 215 | @a192页@c图@d26cm | |
| 225 | 2 | @a全国学前教育专业“十三五”规划教材@AQuan Guo Xue Qian Jiao Yu Zhuan Ye“Shi San Wu”Gui Hua Jiao Cai |
| 304 | @a编著者还有:李梅、雷颋、牟春花 | |
| 330 | @a本书系统地介绍了“幼儿园多媒体课件设计与制作”课程中幼儿园教师需要学会的知识点。全书共分为6章,主要内容包括了幼儿园多媒体课件概述、多媒体与课件素材的收集与处理、PPT演示型课件制作、Flash动画型课件制作以及微课型课件制作。 | |
| 333 | @a本书适用于学前教育相关专业学生 | |
| 410 | 0 | @12001 @a全国学前教育专业“十三五”规划教材 |
| 606 | 0 | @a学前教育@AXue Qian Jiao Yu@x多媒体课件@x制作@x幼儿师范学校@j教材 |
| 690 | @aG436@v5 | |
| 690 | @aG613@v5 | |
| 701 | 0 | @a杨毅@AYang Yi@4编著 |
| 801 | 2 | @aCN@b江苏凤凰@c20191020 |
| 905 | @b1234928-31@dG436@e190@f4 | |
| 幼儿园多媒体课件设计与制作:微课版教程/杨毅 ... [等] 编著.-北京:人民邮电出版社,2017 |
| 192页:图;26cm.-(全国学前教育专业“十三五”规划教材) |
| 使用对象:本书适用于学前教育相关专业学生 |
| ISBN 978-7-115-44761-6:CNY36.00 |
| 本书系统地介绍了“幼儿园多媒体课件设计与制作”课程中幼儿园教师需要学会的知识点。全书共分为6章,主要内容包括了幼儿园多媒体课件概述、多媒体与课件素材的收集与处理、PPT演示型课件制作、Flash动画型课件制作以及微课型课件制作。 |
| ● |
| 相关链接 |
|
|
|
|
正题名:幼儿园多媒体课件设计与制作
索取号:G436/190
 
预约/预借
| 序号 | 登录号 | 条形码 | 馆藏地/架位号 | 状态 | 备注 |
| 1 | 1234928 | 212349289 | 第一样本阅览室/ [索取号:G436/190] | 在馆 | |
| 2 | 1234929 | 212349298 | 第四借阅区/ [索取号:G436/190] | 在馆 | |
| 3 | 1234930 | 212349305 | 教育系资料室/ [索取号:G436/190] | 在馆 | |
| 4 | 1234931 | 212349314 | 第四借阅区/ [索取号:G436/190] | 在馆 |